[Event "Prague op"]
[Site "Prague"]
[Date "2019.03.11"]
[Round "4"]
[White "Vavruska, Antonin"]
[Black "Paseka, Christian"]
[Result "1-0"]
[WhiteElo "2054"]
[BlackElo "1622"]
[PlyCount "47"]
[EventDate "2019.03.09"]
[EventType "swiss"]
[EventRounds "9"]
[EventCountry "CZE"]
[SourceTitle "CBM 189 Extra"]
[Source "ChessBase"]
[SourceDate "2019.06.03"]
[SourceVersion "1"]
[SourceVersionDate "2019.06.03"]
[SourceQuality "1"]

1. e4 c5 2. c3 d5 3. exd5 Qxd5 4. Nf3 Nc6 5. Na3 e6 6. Bc4 Qd8 7. 0-0 a6 8. d4 cxd4 9. cxd4 Nf6 10. Nc2 h6 11. a3 Be7 12. Re1 0-0 13. Bf4 Nh5 14. Be3 Nf6 15. Qd3 b5 16. Ba2 Bb7 17. Rad1 Qc7 18. Bc1 Rac8 19. Bb1 b4 20. Ne3 bxa3 21. Ng4 g6 22. Nxh6+ Kg7 23. Nxf7 Nb4 24. Qxg6# 1-0

[Event "Vienna Kavalier op 8th"]
[Site "Vienna"]
[Date "2013.10.24"]
[Round "1"]
[White "Paseka, Christian"]
[Black "Sandhoefner, Florian"]
[Result "0-1"]
[WhiteElo "1706"]
[BlackElo "2307"]
[PlyCount "74"]
[EventDate "2013.10.24"]
[EventType "swiss"]
[EventRounds "7"]
[EventCountry "AUT"]
[SourceTitle "EXT 2014"]
[Source "ChessBase"]
[SourceDate "2013.11.20"]
[SourceVersion "1"]
[SourceVersionDate "2013.11.20"]
[SourceQuality "1"]

1. Nf3 Nf6 2. d4 d5 3. c4 e6 4. Nc3 c6 5. Bg5 dxc4 6. e3 b5 7. a4 Bb4 8. Be2 Bb7 9. 0-0 a6 10. Ne4 Nbd7 11. Qc2 Be7 12. Nxf6+ Nxf6 13. Bxf6 Bxf6 14. b3 cxb3 15. Qxb3 0-0 16. Rfd1 Qe7 17. Rac1 e5 18. dxe5 Bxe5 19. Nxe5 Qxe5 20. Bf3 Rac8 21. Rd7 Ba8 22. Ra7 c5 23. Rxa8 Rxa8 24. Bxa8 c4 25. Qb4 Rxa8 26. axb5 axb5 27. g3 g6 28. Rc3 Ra4 29. Qb2 b4 30. Rc2 Qxb2 31. Rxb2 b3 32. Kf1 Ra1+ 33. Kg2 Ra3 34. Kf3 c3 35. Rb1 c2 36. Rc1 b2 37. Rxc2 b1Q 0-1

[Event "Prague op-A 12th"]
[Site "Prague"]
[Date "2013.01.11"]
[Round "3"]
[White "Paseka, Christian"]
[Black "Pavlicek, Petr"]
[Result "1/2-1/2"]
[WhiteElo "1709"]
[BlackElo "1995"]
[PlyCount "87"]
[EventDate "2013.01.09"]
[EventType "swiss"]
[EventRounds "9"]
[EventCountry "CZE"]
[SourceTitle "CBM 152 Extra"]
[Source "ChessBase"]
[SourceDate "2013.02.25"]
[SourceVersion "1"]
[SourceVersionDate "2013.02.25"]
[SourceQuality "1"]

1. Nf3 Nf6 2. g3 g6 3. Bg2 Bg7 4. d4 0-0 5. 0-0 d5 6. h3 Bf5 7. g4 Bd7 8. Bf4 h5 9. g5 Ne4 10. Nbd2 Nc6 11. c3 Nxd2 12. Qxd2 Be6 13. b4 Rc8 14. Rfe1 Qd7 15. Kh2 Bf5 16. Nh4 Be6 17. Qd3 Rfd8 18. f3 a5 19. a3 b6 20. e4 Na7 21. Bf1 c5 22. Be3 cxb4 23. axb4 Qc7+ 24. Kg2 Qxc3 25. Qxc3 Rxc3 26. bxa5 b5 27. e5 Rdc8 28. Rac1 Bf8 29. Kf2 Ra3 30. Rxc8 Bxc8 31. Bd2 e6 32. f4 b4 33. Rb1 b3 34. Bc1 Ra2+ 35. Ke3 Ba3 36. Bxa3 Rxa3 37. Nf3 b2+ 38. Kf2 Rb3 39. Ne1 Nc6 40. Nd3 Nxa5 41. Rxb2 Ba6 42. Rxb3 Nxb3 43. Ke3 Kf8 44. Be2 1/2-1/2

[Event "Brno op 3rd"]
[Site "Brno"]
[Date "2012.11.16"]
[Round "8"]
[White "Zikan, Karel"]
[Black "Paseka, Christian"]
[Result "1/2-1/2"]
[WhiteElo "1829"]
[BlackElo "1717"]
[PlyCount "72"]
[EventDate "2012.11.10"]
[EventType "swiss"]
[EventRounds "9"]
[EventCountry "CZE"]
[SourceTitle "CBM 151 Extra"]
[Source "ChessBase"]
[SourceDate "2012.12.18"]
[SourceVersion "1"]
[SourceVersionDate "2012.12.18"]
[SourceQuality "1"]

1. c4 e6 2. Nc3 d5 3. d4 Nf6 4. Bg5 Be7 5. e3 h6 6. Bh4 0-0 7. Nf3 b6 8. Bxf6 Bxf6 9. cxd5 exd5 10. Be2 Bb7 11. 0-0 Nd7 12. Rc1 a6 13. b4 Be7 14. Qb3 Nf6 15. Rfd1 Bd6 16. Ne5 Qe7 17. Nd3 b5 18. a3 Rfd8 19. Bf3 c6 20. Ne2 a5 21. Nc5 Bxc5 22. dxc5 a4 23. Qc2 Bc8 24. Nd4 Bd7 25. Re1 Re8 26. Rcd1 Rac8 27. h3 Ne4 28. Bxe4 Qxe4 29. Qxe4 Rxe4 30. Rd2 Rce8 31. Rde2 f5 32. f3 R4e7 33. f4 Kf7 34. Kf2 Kf6 35. h4 Rg8 36. Rh1 h5 1/2-1/2

[Event "Vienna Kavalier op 7th"]
[Site "Vienna"]
[Date "2012.10.29"]
[Round "4"]
[White "Paseka, Christian"]
[Black "Infuehr, Jakob"]
[Result "0-1"]
[WhiteElo "1717"]
[BlackElo "1859"]
[PlyCount "90"]
[EventDate "2012.10.25"]
[EventType "swiss"]
[EventRounds "7"]
[EventCountry "AUT"]
[SourceTitle "EXT 2013"]
[Source "ChessBase"]
[SourceDate "2012.11.22"]
[SourceVersion "1"]
[SourceVersionDate "2012.11.22"]
[SourceQuality "1"]

1. d4 Nf6 2. c4 e6 3. Nf3 b6 4. a3 Bb7 5. Bg5 Be7 6. e3 h6 7. Bh4 0-0 8. Be2 d6 9. Nc3 Nbd7 10. 0-0 Ne4 11. Bxe7 Qxe7 12. Nxe4 Bxe4 13. Nd2 Bb7 14. Bf3 Bxf3 15. Nxf3 e5 16. dxe5 Nxe5 17. Nxe5 Qxe5 18. Qc2 f5 19. Rfd1 f4 20. exf4 Rxf4 21. Re1 Qd4 22. b3 Raf8 23. Ra2 a5 24. Qd2 a4 25. bxa4 Qxd2 26. Rxd2 Rxc4 27. Rd3 Ra8 28. g3 Raxa4 29. Re8+ Kh7 30. Rf3 Re4 31. Rxe4 Rxe4 32. Rc3 Re7 33. Rc6 Kg6 34. f4 Kf5 35. Kg2 Ke4 36. Rc1 Kd3 37. h4 Kd2 38. Rb1 d5 39. Rb2+ Kc3 40. Rf2 d4 41. g4 d3 42. Rf3 Kc2 43. g5 d2 44. Rf2 Kc1 45. gxh6 gxh6 0-1

[Event "Brno op 2nd"]
[Site "Brno"]
[Date "2011.11.17"]
[Round "8"]
[White "Steinkellner, Rudolf"]
[Black "Paseka, Christian"]
[Result "1/2-1/2"]
[WhiteElo "1833"]
[BlackElo "1749"]
[PlyCount "40"]
[EventDate "2011.11.12"]
[EventType "swiss"]
[EventRounds "9"]
[EventCountry "CZE"]
[SourceTitle "EXT 2012"]
[Source "ChessBase"]
[SourceDate "2011.11.24"]
[SourceVersion "1"]
[SourceVersionDate "2011.11.24"]
[SourceQuality "1"]

1. e4 c5 2. Nc3 d6 3. g3 Nc6 4. d3 Nf6 5. Bg2 g6 6. h3 Bg7 7. Be3 0-0 8. Nge2 e5 9. 0-0 Nd4 10. Qd2 Bd7 11. Nd1 Qc8 12. Bxd4 cxd4 13. Kh2 h5 14. f3 Nh7 15. c3 dxc3 16. Ndxc3 Qd8 17. Nd5 Be6 18. Nec3 Nf6 19. Nxf6+ Bxf6 20. Qf2 Bg7 1/2-1/2

[Event "Brno op 2nd"]
[Site "Brno"]
[Date "2011.11.13"]
[Round "2"]
[White "Havel, Frantisek"]
[Black "Paseka, Christian"]
[Result "1-0"]
[WhiteElo "1918"]
[BlackElo "1749"]
[PlyCount "135"]
[EventDate "2011.11.12"]
[EventType "swiss"]
[EventRounds "9"]
[EventCountry "CZE"]
[SourceTitle "EXT 2012"]
[Source "ChessBase"]
[SourceDate "2011.11.24"]
[SourceVersion "1"]
[SourceVersionDate "2011.11.24"]
[SourceQuality "1"]

1. e4 c5 2. Nf3 d6 3. b3 Nc6 4. Bb2 Nf6 5. Nc3 Bg4 6. Bb5 g6 7. h3 Bd7 8. d4 cxd4 9. Nxd4 Bg7 10. 0-0 0-0 11. Rb1 Nxd4 12. Qxd4 Bxb5 13. Nxb5 a6 14. Na3 b5 15. c4 Qa5 16. cxb5 Ne8 17. Qa4 Qxa4 18. bxa4 axb5 19. Bxg7 Kxg7 20. Nxb5 Rxa4 21. Nc3 Ra3 22. Rb3 Rxb3 23. axb3 Nc7 24. f3 Rb8 25. Rb1 Kf8 26. Kf2 e6 27. Ke3 Ke7 28. Kd3 Na6 29. Ne2 Nc5+ 30. Kc4 Na6 31. b4 Kd7 32. b5 Rc8+ 33. Kb3 Rb8 34. Kc4 Rc8+ 35. Kd3 Nc5+ 36. Ke3 Rb8 37. f4 f6 38. Nd4 Kc7 39. Nc2 Na4 40. Kd3 Nc5+ 41. Kd4 Nd7 42. Na3 Nb6 43. Rc1+ Kd7 44. Rc6 Nc8 45. Kc4 Rb6 46. Rxb6 Nxb6+ 47. Kb4 d5 48. Kc5 Kc7 49. exd5 Nxd5 50. g3 h5 51. Nc4 g5 52. fxg5 fxg5 53. b6+ Kb7 54. Nd6+ Ka6 55. b7 Ka7 56. Kc6 Ne7+ 57. Kd7 Nd5 58. Kxe6 Nc7+ 59. Kf5 g4 60. h4 Nd5 61. Kg5 Kb8 62. Kxh5 Kc7 63. Kxg4 Nf6+ 64. Kg5 Nd7 65. h5 Kxd6 66. h6 Kc7 67. h7 Ne5 68. Kf6 1-0

[Event "Vienna State-chB"]
[Site "Vienna"]
[Date "2011.09.18"]
[Round "9"]
[White "Paseka, Christian"]
[Black "Eiler, Thomas"]
[Result "0-1"]
[WhiteElo "1752"]
[BlackElo "1762"]
[PlyCount "86"]
[EventDate "2011.09.10"]
[EventType "swiss"]
[EventRounds "9"]
[EventCountry "AUT"]
[SourceTitle "EXT 2013"]
[Source "ChessBase"]
[SourceDate "2012.11.22"]
[SourceVersion "1"]
[SourceVersionDate "2012.11.22"]
[SourceQuality "1"]

1. d4 d5 2. Nf3 Nf6 3. c4 c6 4. Nc3 dxc4 5. a4 Bf5 6. e3 Na6 7. Bxc4 Nb4 8. 0-0 e6 9. Nh4 Bg4 10. Be2 Bxe2 11. Qxe2 Nfd5 12. Nf3 Bd6 13. Bd2 0-0 14. Nxd5 Nxd5 15. Rfb1 Nf6 16. e4 Bc7 17. a5 a6 18. b4 Re8 19. Bg5 h6 20. Bxf6 Qxf6 21. e5 Qe7 22. Qc4 Rad8 23. Rd1 Rd5 24. Rd2 Red8 25. Rad1 Rb5 26. Rb1 Bxa5 27. Rdb2 Bb6 28. Rd1 c5 29. Rdb1 cxd4 30. Rd1 d3 31. Rxd3 Rxd3 32. Qxd3 Rxb4 33. Rd2 Rb5 34. h3 Bc7 35. Qd7 Qxd7 36. Rxd7 Ba5 37. Nd4 Rd5 38. Rxd5 exd5 39. Nb3 Bc3 40. Nc5 a5 41. Nxb7 a4 42. Nc5 a3 43. Nb3 a2 0-1

[Event "Szombathely op"]
[Site "Szombathely"]
[Date "2010.08.01"]
[Round "6"]
[White "Paseka, Christian"]
[Black "Hansi, Otmar"]
[Result "1/2-1/2"]
[WhiteElo "1769"]
[BlackElo "1660"]
[PlyCount "62"]
[EventDate "2010.07.27"]
[EventType "swiss"]
[EventRounds "7"]
[EventCountry "HUN"]
[SourceTitle "CBM 137 Extra"]
[Source "ChessBase"]
[SourceDate "2010.09.01"]
[SourceVersion "1"]
[SourceVersionDate "2010.09.01"]
[SourceQuality "1"]

1. d4 g6 2. Nf3 Bg7 3. c4 d6 4. g3 b6 5. Bg2 Bb7 6. Nc3 h6 7. 0-0 e6 8. e4 Nd7 9. Re1 Ne7 10. d5 e5 11. b4 a6 12. a4 f5 13. exf5 Nxf5 14. Ne4 Nf6 15. Bb2 0-0 16. h3 Nxe4 17. Rxe4 Re8 18. Rc1 Rc8 19. b5 a5 20. g4 Nh4 21. Nxh4 Qxh4 22. Rc2 Rf8 23. Ree2 Rf4 24. Bc1 Rd4 25. Qf1 Rf8 26. Be3 Rd3 27. Be4 Ra3 28. Ra2 Rc3 29. Rac2 Ra3 30. Ra2 Rc3 31. Rac2 Ra3 1/2-1/2

[Event "Szombathely op"]
[Site "Szombathely"]
[Date "2010.07.29"]
[Round "3"]
[White "Odor, Istvan"]
[Black "Paseka, Christian"]
[Result "0-1"]
[WhiteElo "2006"]
[BlackElo "1769"]
[PlyCount "58"]
[EventDate "2010.07.27"]
[EventType "swiss"]
[EventRounds "7"]
[EventCountry "HUN"]
[SourceTitle "CBM 137 Extra"]
[Source "ChessBase"]
[SourceDate "2010.09.01"]
[SourceVersion "1"]
[SourceVersionDate "2010.09.01"]
[SourceQuality "1"]

1. e4 c5 2. Nf3 d6 3. d4 cxd4 4. Nxd4 Nf6 5. Nc3 Nc6 6. Bc4 e6 7. Be3 a6 8. Bb3 Qc7 9. f3 Na5 10. Qe2 b5 11. g4 Nxb3 12. axb3 Rb8 13. h4 b4 14. Na4 d5 15. e5 Nd7 16. f4 Bb7 17. Qf2 Rc8 18. 0-0 Be7 19. f5 0-0 20. Rae1 Nxe5 21. Bf4 Nxg4 22. Qe2 e5 23. Bg3 h5 24. c3 bxc3 25. bxc3 Bd6 26. Nc2 d4 27. f6 g6 28. Nb2 Qxc3 29. Nd3 Qxc2 0-1

[Event "Szombathely op"]
[Site "Szombathely"]
[Date "2010.07.28"]
[Round "2"]
[White "Jaklin, Damir"]
[Black "Paseka, Christian"]
[Result "1-0"]
[WhiteElo "2021"]
[BlackElo "1769"]
[PlyCount "109"]
[EventDate "2010.07.27"]
[EventType "swiss"]
[EventRounds "7"]
[EventCountry "HUN"]
[SourceTitle "CBM 137 Extra"]
[Source "ChessBase"]
[SourceDate "2010.09.01"]
[SourceVersion "1"]
[SourceVersionDate "2010.09.01"]
[SourceQuality "1"]

1. d4 Nf6 2. c4 e6 3. Nc3 Bb4 4. Qc2 b6 5. f3 c5 6. dxc5 Bxc5 7. e3 0-0 8. a3 Nc6 9. b4 Be7 10. Bb2 Bb7 11. Rd1 Qc7 12. Nb5 Qb8 13. Nd4 Nxd4 14. exd4 d5 15. c5 Rc8 16. Bd3 Qc7 17. Rc1 a5 18. Ne2 axb4 19. axb4 bxc5 20. bxc5 Ba6 21. Bxa6 Rxa6 22. 0-0 Qc6 23. Ra1 Rca8 24. Rxa6 Rxa6 25. Ra1 Rxa1+ 26. Bxa1 g6 27. Bc3 Kg7 28. g3 h5 29. Kg2 Nd7 30. Nf4 Bg5 31. Nd3 Qb5 32. Nb4 Nb8 33. Kf2 Bf6 34. Qa2 Nc6 35. Nxc6 Qxc6 36. Qa5 Qc8 37. Qb5 Bd8 38. c6 Qc7 39. Bb4 Kf6 40. Bd2 g5 41. h4 gxh4 42. Bf4 hxg3+ 43. Bxg3 Qa7 44. Bh4+ Kf5 45. Qd3+ Kf4 46. Qd2+ Kf5 47. Qd3+ Kf4 48. Qe3+ Kf5 49. Qe5+ Kg6 50. Bxd8 Qa2+ 51. Kg3 Qb1 52. Qf6+ Kh7 53. Qxf7+ Kh6 54. Bg5+ Kxg5 55. Qg7+ 1-0

[Event "Stockerau op-B"]
[Site "Stockerau"]
[Date "2006.05.25"]
[Round "1"]
[White "Paseka, Christian"]
[Black "Hetfleis, Enrico"]
[Result "1/2-1/2"]
[WhiteElo "1641"]
[BlackElo "1503"]
[PlyCount "68"]
[EventDate "2006.05.25"]
[EventType "swiss"]
[EventRounds "5"]
[EventCountry "AUT"]
[SourceTitle "CBM 112 Extra"]
[Source "ChessBase"]
[SourceDate "2006.07.14"]
[SourceVersion "1"]
[SourceVersionDate "2006.07.14"]
[SourceQuality "1"]

1. d4 d5 2. Nf3 Nf6 3. c4 c6 4. e3 e6 5. Bd3 Nbd7 6. Nbd2 Be7 7. 0-0 b6 8. b3 Bb7 9. Bb2 0-0 10. e4 dxe4 11. Nxe4 Nxe4 12. Bxe4 Nf6 13. Bc2 c5 14. d5 exd5 15. Bxf6 Bxf6 16. Qd3 g6 17. Rad1 d4 18. Rfe1 Re8 19. Rxe8+ Qxe8 20. Re1 Qd7 21. h4 Re8 22. Rxe8+ Qxe8 23. h5 Bxf3 24. Qxf3 Qe1+ 25. Kh2 Qe5+ 26. Kg1 Kg7 27. hxg6 hxg6 28. g3 Qe1+ 29. Kg2 Qc3 30. Qe4 Qd2 31. Kf1 Qc1+ 32. Kg2 Qd2 33. Kf1 Qg5 34. Kg2 Qd2 1/2-1/2